[Event "First Saturday 2009 augusztus FM-B"]
[Site "Budapest"]
[Date "2009.08.06"]
[Round "6"]
[White "Sipos, Gabor"]
[Black "Yip, Michael"]
[Result "0-1"]
[WhiteElo "2185"]
[BlackElo "2045"]
[PlyCount "52"]
[EventDate "2009.08.01"]

1. e4 e5 2. Nf3 Nc6 3. Bb5 a6 4. Ba4 Nf6 5. O-O Be7 6. Re1 b5 7. Bb3 d6 8. c3
O-O 9. h3 Na5 10. Bc2 c5 11. d3 Qc7 12. Nbd2 Re8 13. Nf1 Bf8 14. g4 h5 15. N3h2
g6 16. Ng3 d5 17. exd5 hxg4 18. hxg4 Nxd5 19. d4 Bb7 20. dxe5 Rxe5 21. Ne4 Re6
22. Bd2 Nc4 23. Bc1 Rae8 24. Nf3 Bg7 25. Neg5 Rxe1+ 26. Nxe1 Nxc3 0-1

[Event "First Saturday 2009 augusztus FM-B"]
[Site "Budapest"]
[Date "2009.08.06"]
[Round "6"]
[White "Jensen, Leif"]
[Black "Trajber, Csaba dr"]
[Result "0-1"]
[WhiteElo "2027"]
[BlackElo "2099"]
[PlyCount "34"]
[EventDate "2009.08.01"]

1. e4 c5 2. f4 d5 3. e5 Nc6 4. Nf3 Bf5 5. d3 e6 6. c3 Be7 7. g3 Nh6 8. Be3 Qa5
9. d4 Be4 10. dxc5 Nf5 11. Bd2 Qxc5 12. Qe2 O-O 13. Bg2 Rad8 14. g4 Nh4 15.
Nxh4 Bxh4+ 16. Kf1 Bd3 17. Qxd3 Qf2# 0-1

[Event "First Saturday 2009 augusztus FM-B"]
[Site "Budapest"]
[Date "2009.08.06"]
[Round "6"]
[White "Bryn, Thomas"]
[Black "Paouris, Nikolaos"]
[Result "0-1"]
[WhiteElo "2024"]
[BlackElo "1897"]
[PlyCount "82"]
[EventDate "2009.08.01"]

1. d4 d5 2. c4 dxc4 3. e4 Nf6 4. e5 Nd5 5. Bxc4 Nb6 6. Bd3 Nc6 7. Be3 Nb4 8.
Be4 f5 9. exf6 exf6 10. Nc3 f5 11. Bb1 Bd6 12. Qd2 Be6 13. Nf3 Qd7 14. Ne5 Bxe5
15. dxe5 Qxd2+ 16. Bxd2 O-O-O 17. Ne2 Nc6 18. f4 Rd7 19. Bc2 Rhd8 20. O-O-O g6
21. Bc3 Bc4 22. Ng3 Nd5 23. Bd2 Nd4 24. Bb1 Ne6 25. Nxf5 Ndxf4 26. Bxf4 Nxf4
27. Rxd7 Rxd7 28. Ne3 Ne2+ 29. Kc2 Bd3+ 30. Kb3 Bxb1 31. Rxb1 Rd3+ 32. Kc2 Rxe3
33. Kd2 Rxe5 34. Re1 Kd7 35. Rxe2 Rxe2+ 36. Kxe2 Ke6 37. Ke3 Ke5 38. b4 c6 39.
g4 b6 40. h4 h6 41. Kf3 c5 0-1

[Event "First Saturday 2009 augusztus FM-B"]
[Site "Budapest"]
[Date "2009.08.07"]
[Round "7"]
[White "Trajber, Csaba dr"]
[Black "Bryn, Thomas"]
[Result "1-0"]
[WhiteElo "2099"]
[BlackElo "2024"]
[PlyCount "81"]
[EventDate "2009.08.01"]

1. e4 e5 2. Nf3 Nc6 3. d4 exd4 4. Nxd4 Bc5 5. Be3 Qf6 6. c3 Nge7 7. Bc4 Ne5 8.
Be2 Qg6 9. O-O d6 10. f4 Bh3 11. Bf3 Nxf3+ 12. Qxf3 Bg4 13. Qg3 Bd7 14. Qf3 Bg4
15. Qg3 Bd7 16. Nd2 Qxg3 17. hxg3 f5 18. Rfe1 fxe4 19. Nxe4 Bb6 20. Kf2 O-O-O
21. Ng5 Rdf8 22. Nde6 Bxe3+ 23. Rxe3 Bxe6 24. Nxe6 Nf5 25. Re4 Rf7 26. g4 d5
27. Re5 Ne7 28. g3 h6 29. Rae1 c6 30. Nc5 Ng6 31. Re6 Rf6 32. Re8+ Rxe8 33.
Rxe8+ Kc7 34. Rg8 Rf7 35. Rxg7 Rxg7 36. Ne6+ Kd6 37. Nxg7 Kc5 38. Nf5 Kc4 39.
Ke3 a5 40. Nd6+ Kc5 41. Nxb7+ 1-0

[Event "First Saturday 2009 augusztus FM-B"]
[Site "Budapest"]
[Date "2009.08.07"]
[Round "7"]
[White "Yip, Michael"]
[Black "Jensen, Leif"]
[Result "1-0"]
[WhiteElo "2045"]
[BlackElo "2027"]
[PlyCount "57"]
[EventDate "2009.08.01"]

1. d4 d5 2. c4 c6 3. Nf3 Nf6 4. Nc3 e6 5. Bg5 Nbd7 6. e3 Qa5 7. cxd5 exd5 8.
Bd3 Bd6 9. O-O O-O 10. Qc2 h6 11. Bh4 g5 12. Bg3 Bxg3 13. hxg3 Re8 14. Rae1 Nf8
15. Ne5 Be6 16. f4 g4 17. Kf2 Qd8 18. Rh1 Kg7 19. Rh4 h5 20. Reh1 Qe7 21. Qd1
c5 22. f5 Bd7 23. Rxh5 Nxh5 24. Qxg4+ Ng6 25. Rxh5 cxd4 26. exd4 Qd6 27. Nxd7
Qxd7 28. f6+ Kxf6 29. Qxd7 1-0

[Event "First Saturday 2009 augusztus FM-B"]
[Site "Budapest"]
[Date "2009.08.07"]
[Round "7"]
[White "Katona, Gabor Zsolt"]
[Black "Sipos, Gabor"]
[Result "0-1"]
[WhiteElo "1977"]
[BlackElo "2185"]
[PlyCount "58"]
[EventDate "2009.08.01"]

1. e4 c5 2. Nf3 d6 3. d4 cxd4 4. Nxd4 Nf6 5. Nc3 g6 6. Be3 Bg7 7. f3 O-O 8. Qd2
Nc6 9. O-O-O d5 10. Nxc6 bxc6 11. exd5 Nxd5 12. Nxd5 cxd5 13. Bd4 e5 14. Bc5
Be6 15. Bxf8 Qxf8 16. Qa5 Rb8 17. Be2 Qe7 18. h4 e4 19. c3 Qb7 20. Qb4 Qc7 21.
Qa3 d4 22. fxe4 dxc3 23. b3 Qf4+ 24. Kc2 Qxe4+ 25. Bd3 Qxg2+ 26. Kb1 Bf8 27.
Rhg1 c2+ 28. Bxc2 Qxc2+ 29. Kxc2 Bxa3 0-1

[Event "First Saturday 2009 augusztus FM-B"]
[Site "Budapest"]
[Date "2009.08.07"]
[Round "7"]
[White "Lakat, Gyula"]
[Black "Christensen, Henrik"]
[Result "0-1"]
[WhiteElo "1970"]
[BlackElo "2080"]
[PlyCount "78"]
[EventDate "2009.08.01"]

1. e4 d5 2. exd5 Qxd5 3. Nc3 Qd6 4. Qf3 Nf6 5. h3 c6 6. g4 Nbd7 7. d3 Nb6 8.
Bf4 Qb4 9. O-O-O Na4 10. Nxa4 Qxa4 11. Kb1 Nd5 12. Bd2 g6 13. Qe4 Qa6 14. c4
Nf6 15. Qe3 Bg7 16. Bc3 O-O 17. Be2 b5 18. g5 Nh5 19. Bxh5 Bxc3 20. bxc3 gxh5
21. c5 b4 22. c4 Qa4 23. Ne2 b3 24. Nc3 bxa2+ 25. Nxa2 Bf5 26. Ka1 Rad8 27. Rd2
e6 28. Rb1 Rb8 29. Qe1 Qa3 30. Qc1 Qxc5 31. h4 Qd4+ 32. Qc3 Qxh4 33. Nb4 a5 34.
Nxc6 Rxb1+ 35. Kxb1 Qh1+ 36. Ka2 Qxc6 37. Rb2 Qa4+ 38. Kb1 Qd1+ 39. Ka2 Qxd3
0-1

[Event "First Saturday 2009 augusztus FM-B"]
[Site "Budapest"]
[Date "2009.08.07"]
[Round "7"]
[White "Kabai, Zsuzsanna"]
[Black "Borda, Lajos"]
[Result "1/2-1/2"]
[WhiteElo "2062"]
[BlackElo "2070"]
[PlyCount "39"]
[EventDate "2009.08.01"]

1. e4 c5 2. Nf3 a6 3. c3 d5 4. exd5 Qxd5 5. d4 Nf6 6. Be2 e6 7. O-O Bd6 8. c4
Qc6 9. Nc3 Nbd7 10. Re1 O-O 11. dxc5 Bxc5 12. Bd3 Re8 13. Qc2 h6 14. Bf4 b6 15.
Ne4 Bb7 16. Nxf6+ Nxf6 17. Be5 Be7 18. Qe2 Rad8 19. b3 Nd7 20. Bd4 1/2-1/2

[Event "First Saturday 2009 augusztus FM-B"]
[Site "Budapest"]
[Date "2009.08.08"]
[Round "8"]
[White "Christensen, Henrik"]
[Black "Kabai, Zsuzsanna"]
[Result "0-1"]
[WhiteElo "2080"]
[BlackElo "2062"]
[PlyCount "62"]
[EventDate "2009.08.01"]

1. d4 Nf6 2. Nf3 g6 3. b3 Bg7 4. e3 O-O 5. Nbd2 d5 6. Bd3 c5 7. c3 Nc6 8. Bb2
cxd4 9. Nxd4 Ng4 10. Nxc6 bxc6 11. Be2 f5 12. e4 dxe4 13. Bxg4 e3 14. Bf3 exd2+
15. Qxd2 Qb6 16. Qe2 e5 17. Qc4+ Kh8 18. Qxc6 e4 19. Qxb6 axb6 20. Be2 Be6 21.
Kd2 f4 22. Rhd1 Rfd8+ 23. Ke1 Be5 24. f3 e3 25. Bd3 Rdc8 26. Rdc1 Kg7 27. Rc2
Rd8 28. Bf1 Bf5 29. Rcc1 Rd2 30. Rab1 Bxb1 31. Rxb1 Rxa2 0-1

[Event "First Saturday 2009 augusztus FM-B"]
[Site "Budapest"]
[Date "2009.08.08"]
[Round "8"]
[White "Sipos, Gabor"]
[Black "Lakat, Gyula"]
[Result "1-0"]
[WhiteElo "2185"]
[BlackElo "1970"]
[PlyCount "53"]
[EventDate "2009.08.01"]

1. e4 c5 2. Nf3 d6 3. d4 cxd4 4. Nxd4 Nf6 5. Nc3 a6 6. Bc4 e6 7. Bb3 Qc7 8. O-O
Nc6 9. Be3 Nxd4 10. Bxd4 Be7 11. a4 Bd7 12. a5 Bc6 13. Qe2 e5 14. Bb6 Qd7 15.
Rad1 O-O 16. Nd5 Bd8 17. Bxd8 Raxd8 18. Nxf6+ gxf6 19. f4 Bb5 20. c4 Ba4 21.
Bxa4 Qxa4 22. Qg4+ Kh8 23. Qf5 Kg7 24. Rd3 Rg8 25. fxe5 Qd7 26. Qxf6+ Kf8 27.
Rxd6 1-0

[Event "First Saturday 2009 augusztus FM-B"]
[Site "Budapest"]
[Date "2009.08.08"]
[Round "8"]
[White "Jensen, Leif"]
[Black "Katona, Gabor Zsolt"]
[Result "1-0"]
[WhiteElo "2027"]
[BlackElo "1977"]
[PlyCount "66"]
[EventDate "2009.08.01"]

1. e4 Nf6 2. Nc3 d5 3. exd5 Nxd5 4. Bc4 Nb6 5. Bb3 Nc6 6. Nf3 Bf5 7. d3 e6 8.
O-O Be7 9. Be3 O-O 10. Ne4 Nd7 11. Ng3 Bg6 12. d4 Re8 13. c3 Nf6 14. Ba4 Qd5
15. Ne5 Nxe5 16. dxe5 Qxe5 17. Bxe8 Rxe8 18. Re1 Qb5 19. Qb3 Qc6 20. Rad1 Nd5
21. a4 a6 22. Nf1 Be4 23. f3 Bg6 24. Kh1 h5 25. Nd2 Nxe3 26. Rxe3 Bg5 27. Ree1
Bh4 28. g3 Be7 29. Kg2 Kf8 30. Nc4 Bc2 31. Qxc2 Qxc4 32. b3 Qc6 33. Qh7 g6 1-0

[Event "First Saturday 2009 augusztus FM-B"]
[Site "Budapest"]
[Date "2009.08.08"]
[Round "8"]
[White "Bryn, Thomas"]
[Black "Yip, Michael"]
[Result "1/2-1/2"]
[WhiteElo "2024"]
[BlackElo "2045"]
[PlyCount "83"]
[EventDate "2009.08.01"]

1. d4 d5 2. c4 c6 3. Nf3 Nf6 4. e3 Bf5 5. Nc3 e6 6. Nh4 Bg6 7. Be2 Nbd7 8. Bd2
Be7 9. O-O O-O 10. Nxg6 hxg6 11. Qb3 dxc4 12. Qxc4 c5 13. dxc5 Bxc5 14. Rfd1
Rc8 15. Qb3 Qe7 16. Na4 b6 17. Nxc5 Nxc5 18. Qa3 Rc7 19. Rac1 Rd8 20. Bb4 Rxd1+
21. Bxd1 Nfd7 22. h3 Qd6 23. Be2 a5 24. Bc3 Rc8 25. Rd1 Qc7 26. Bb5 Rd8 27. b3
Nf6 28. Qc1 Rxd1+ 29. Qxd1 Nfe4 30. Bb2 Qd6 31. Qxd6 Nxd6 32. Be2 f6 33. f3 Kf7
34. Kf2 g5 35. e4 e5 36. Ke3 Ke7 37. Bc3 Ndb7 38. Bc4 Nd6 39. Be2 Kd7 40. g3
Ne6 41. Bf1 Kc6 42. Bb2 1/2-1/2

[Event "First Saturday 2009 augusztus FM-B"]
[Site "Budapest"]
[Date "2009.08.08"]
[Round "8"]
[White "Paouris, Nikolaos"]
[Black "Trajber, Csaba dr"]
[Result "1-0"]
[WhiteElo "1897"]
[BlackElo "2099"]
[PlyCount "52"]
[EventDate "2009.08.01"]

1. e4 c5 2. Nf3 d6 3. d4 cxd4 4. Nxd4 Nf6 5. Nc3 a6 6. g3 Bg4 7. f3 Bd7 8. Bg2
Nc6 9. O-O Qb6 10. Be3 Qxb2 11. Qd2 Nxd4 12. Bxd4 Rc8 13. Rab1 Qa3 14. Rb3 Qa5
15. Bb6 Qh5 16. g4 Qg6 17. e5 dxe5 18. Rd1 e6 19. h4 h5 20. g5 Nd5 21. Nxd5
exd5 22. Qxd5 Qc6 23. Qxe5+ Be6 24. f4 Qxc2 25. Rbd3 Be7 26. f5 Qxa2 1-0

[Event "First Saturday 2009 augusztus FM-B"]
[Site "Budapest"]
[Date "2009.08.09"]
[Round "9"]
[White "Yip, Michael"]
[Black "Paouris, Nikolaos"]
[Result "1/2-1/2"]
[WhiteElo "2045"]
[BlackElo "1897"]
[PlyCount "51"]
[EventDate "2009.08.01"]

1. d4 d5 2. c4 dxc4 3. e4 Nf6 4. e5 Nd5 5. Bxc4 Nb6 6. Bd3 Nc6 7. Be3 Nb4 8.
Be4 f5 9. exf6 exf6 10. Nc3 f5 11. Bb1 Bd6 12. Nf3 Be6 13. O-O Qd7 14. a3 N4d5
15. Ng5 O-O-O 16. Nxe6 Qxe6 17. Bd2 g6 18. Re1 Qf6 19. Nb5 a6 20. Nxd6+ Qxd6
21. Bc2 Rhe8 22. Bg5 Rxe1+ 23. Qxe1 Rf8 24. Bh6 Rd8 25. Bg5 Rf8 26. Bh6 1/2-1/2

[Event "First Saturday 2009 augusztus FM-B"]
[Site "Budapest"]
[Date "2009.08.09"]
[Round "9"]
[White "Katona, Gabor Zsolt"]
[Black "Bryn, Thomas"]
[Result "1/2-1/2"]
[WhiteElo "1977"]
[BlackElo "2024"]
[PlyCount "51"]
[EventDate "2009.08.01"]

1. e4 e5 2. Nf3 Nc6 3. Bb5 a6 4. Ba4 Nf6 5. O-O Be7 6. c3 Nxe4 7. Bxc6 dxc6 8.
Nxe5 O-O 9. d4 Be6 10. Nd2 Nxd2 11. Bxd2 c5 12. Be3 cxd4 13. Bxd4 c5 14. Be3
Qc7 15. Nf3 Rad8 16. Qc2 Bd5 17. Ng5 Bxg5 18. Bxg5 f6 19. Be3 Rde8 20. Rfe1 Re4
21. h3 Rfe8 22. a3 b5 23. Bd2 R8e6 24. f3 Rxe1+ 25. Rxe1 Rxe1+ 26. Bxe1 1/2-1/2

[Event "First Saturday 2009 augusztus FM-B"]
[Site "Budapest"]
[Date "2009.08.09"]
[Round "9"]
[White "Lakat, Gyula"]
[Black "Jensen, Leif"]
[Result "1-0"]
[WhiteElo "1970"]
[BlackElo "2027"]
[PlyCount "57"]
[EventDate "2009.08.01"]

1. c4 e5 2. Nc3 d6 3. g3 g6 4. Bg2 Bg7 5. d3 c6 6. e3 f5 7. Nge2 Nf6 8. b4 a6
9. a4 O-O 10. Bb2 Be6 11. O-O d5 12. cxd5 Bxd5 13. Nxd5 Nxd5 14. Qb3 Kh8 15. b5
axb5 16. axb5 Rxa1 17. Rxa1 Ne7 18. f4 Qb6 19. Kf2 Nd7 20. d4 exd4 21. Bxd4
Bxd4 22. Nxd4 Nc5 23. Qc3 Kg8 24. Rc1 Nd7 25. bxc6 bxc6 26. Nxc6 Nxc6 27. Bd5+
Rf7 28. Bxf7+ Kxf7 29. Qxc6 1-0

[Event "First Saturday 2009 augusztus FM-B"]
[Site "Budapest"]
[Date "2009.08.09"]
[Round "9"]
[White "Kabai, Zsuzsanna"]
[Black "Sipos, Gabor"]
[Result "1-0"]
[WhiteElo "2062"]
[BlackElo "2185"]
[PlyCount "25"]
[EventDate "2009.08.01"]

1. d4 d5 2. c4 c6 3. cxd5 cxd5 4. Nc3 Nf6 5. Bf4 Nc6 6. e3 Bf5 7. Nf3 e6 8. Qb3
Qd7 9. Ne5 Qe7 10. Bb5 Rc8 11. Nxc6 bxc6 12. Ba6 Rd8 13. Bb7 1-0

[Event "First Saturday 2009 augusztus FM-B"]
[Site "Budapest"]
[Date "2009.08.09"]
[Round "9"]
[White "Borda, Lajos"]
[Black "Christensen, Henrik"]
[Result "0-1"]
[WhiteElo "2070"]
[BlackElo "2080"]
[PlyCount "56"]
[EventDate "2009.08.01"]

1. e4 c6 2. d4 d5 3. f3 dxe4 4. fxe4 e5 5. Nf3 exd4 6. Bc4 Qe7 7. O-O Be6 8.
Bxe6 fxe6 9. Nxd4 Nd7 10. Qg4 O-O-O 11. Nxe6 Ngf6 12. Qh3 Re8 13. Nxf8 Rhxf8
14. Na3 Nxe4 15. Rxf8 Rxf8 16. Be3 Kb8 17. Nc4 Ndf6 18. Rf1 Rd8 19. Bf4+ Ka8
20. Qb3 Nd5 21. Be3 b5 22. Na5 Qc7 23. Qa3 Nxe3 24. Qxe3 Nd2 25. Rd1 Qxa5 26.
b4 Qxb4 27. c3 Qd6 28. Kf2 Qd7 0-1

[Event "First Saturday 2009 augusztus FM-B"]
[Site "Budapest"]
[Date "2009.08.10"]
[Round "10"]
[White "Sipos, Gabor"]
[Black "Borda, Lajos"]
[Result "0-1"]
[WhiteElo "2185"]
[BlackElo "2070"]
[PlyCount "44"]
[EventDate "2009.08.01"]

1. e4 c5 2. Nf3 a6 3. c4 d6 4. d4 Bg4 5. Qb3 Nc6 6. dxc5 Bxf3 7. gxf3 Nd4 8.
Qa4+ Qd7 9. Qd1 dxc5 10. Be3 e5 11. Nc3 Nf6 12. Nd5 Nxd5 13. cxd5 Be7 14. f4
Qd6 15. fxe5 Qxe5 16. Bg2 g5 17. O-O Rg8 18. f3 Bd6 19. f4 gxf4 20. Bxf4 Qxe4
21. Re1 Rxg2+ 22. Kf1 Ne2 0-1

[Event "First Saturday 2009 augusztus FM-B"]
[Site "Budapest"]
[Date "2009.08.10"]
[Round "10"]
[White "Jensen, Leif"]
[Black "Kabai, Zsuzsanna"]
[Result "1/2-1/2"]
[WhiteElo "2027"]
[BlackElo "2062"]
[PlyCount "142"]
[EventDate "2009.08.01"]

1. e4 e5 2. Nc3 Nf6 3. f4 d5 4. fxe5 Nxe4 5. Nf3 Be7 6. d4 c5 7. Bd3 Nxc3 8.
bxc3 c4 9. Be2 Nc6 10. O-O O-O 11. h3 b5 12. a4 Qa5 13. Ba3 bxa4 14. Qd2 Rb8
15. Ra2 Bd7 16. Rfa1 Bxa3 17. Rxa3 Qc7 18. Rxa4 a5 19. R4a2 Rb5 20. Nh2 Rfb8
21. Rf1 Qa7 22. Qf4 Be6 23. Bg4 Rb1 24. Ra1 Rxf1+ 25. Rxf1 Qe7 26. Ra1 Rb5 27.
Nf1 Bxg4 28. Qxg4 Qe6 29. Qf3 Ne7 30. Ne3 Kf8 31. g4 Ke8 32. Kg2 Ng6 33. Kg3
Ne7 34. Qh1 Kd7 35. Qf3 Ke8 36. Kg2 Kd7 37. Rf1 Ke8 38. Ra1 Kf8 39. Kf2 Ke8 40.
Ke2 Kd7 41. Rf1 Ke8 42. Ra1 f6 43. exf6 Qxf6 44. Qg3 Kd7 45. Rf1 Qe6 46. Rf8
Rb2 47. Kd2 a4 48. Ra8 Qc6 49. Ra7+ Rb7 50. Ra5 a3 51. Rxa3 Qc7 52. Qxc7+ Kxc7
53. Ra1 Kd7 54. Rf1 Ke6 55. Rf8 Rb1 56. Rf1 Rb8 57. Ng2 Ng6 58. h4 Rf8 59. Rxf8
Nxf8 60. Nf4+ Kd6 61. Ke3 g6 62. Kf3 Ne6 63. Kg3 Ng7 64. Nh3 Ne6 65. Kf3 h6 66.
Ke3 Ke7 67. Nf4 Nxf4 68. Kxf4 Kf6 69. h5 gxh5 70. gxh5 Ke6 71. Kg4 Kf6 1/2-1/2

[Event "First Saturday 2009 augusztus FM-B"]
[Site "Budapest"]
[Date "2009.08.10"]
[Round "10"]
[White "Bryn, Thomas"]
[Black "Lakat, Gyula"]
[Result "1-0"]
[WhiteElo "2024"]
[BlackElo "1970"]
[PlyCount "48"]
[EventDate "2009.08.01"]

1. d4 Nf6 2. c4 b6 3. Nc3 Bb7 4. Qc2 e6 5. e4 Bb4 6. Bd3 d6 7. Nge2 h6 8. Qa4+
Nc6 9. d5 Bxc3+ 10. Nxc3 Qd7 11. dxc6 Bxc6 12. Qc2 g5 13. b4 g4 14. Be3 O-O-O
15. O-O-O Kb8 16. Bd4 Qe7 17. Nd5 Bxd5 18. cxd5 e5 19. Qc6 Qd7 20. Qxd7 Nxd7
21. Be3 Kb7 22. Bb5 Nb8 23. a4 a6 24. Be2 Rdg8 1-0

[Event "First Saturday 2009 augusztus FM-B"]
[Site "Budapest"]
[Date "2009.08.10"]
[Round "10"]
[White "Paouris, Nikolaos"]
[Black "Katona, Gabor Zsolt"]
[Result "1/2-1/2"]
[WhiteElo "1897"]
[BlackElo "1977"]
[PlyCount "79"]
[EventDate "2009.08.01"]

1. Nf3 d5 2. g3 c6 3. Bg2 Nf6 4. O-O Bf5 5. b3 e6 6. c4 Nbd7 7. Bb2 Be7 8. d3
O-O 9. Nbd2 h6 10. Qc2 Rc8 11. a3 Qc7 12. b4 a5 13. Bc3 axb4 14. axb4 Ra8 15.
Qb2 dxc4 16. dxc4 Rfd8 17. Nd4 Bg6 18. N4b3 Ne8 19. Na5 Bf6 20. Ra3 Bxc3 21.
Qxc3 Nd6 22. Rfa1 Rdc8 23. Nxc6 Rxa3 24. Ne7+ Kh7 25. Rxa3 Nb5 26. Qe3 Nxa3 27.
Nxc8 Nxc4 28. Nxc4 Qxc4 29. Nb6 Nxb6 30. Qxb6 Qc1+ 31. Bf1 Be4 32. f3 Bd5 33.
Kf2 Qc2 34. Qd4 Bc4 35. Qf4 f6 36. Qc7 b5 37. Qc5 Kg6 38. h4 e5 39. Qe7 Qd2 40.
Qc5 1/2-1/2

[Event "First Saturday 2009 augusztus FM-B"]
[Site "Budapest"]
[Date "2009.08.10"]
[Round "10"]
[White "Trajber, Csaba dr"]
[Black "Yip, Michael"]
[Result "1-0"]
[WhiteElo "2099"]
[BlackElo "2045"]
[PlyCount "109"]
[EventDate "2009.08.01"]

1. e4 e5 2. Nf3 Nc6 3. d4 exd4 4. Nxd4 Nf6 5. Nxc6 bxc6 6. e5 Qe7 7. Qe2 Nd5 8.
c4 Nb6 9. b3 Qe6 10. Bb2 Bb4+ 11. Nd2 a5 12. g3 O-O 13. Bg2 d5 14. O-O Bxd2 15.
Qxd2 dxc4 16. Rfc1 Bb7 17. Qc3 cxb3 18. axb3 a4 19. b4 Rfd8 20. b5 Rab8 21.
Bxc6 Bxc6 22. Qxc6 Rd7 23. Qxe6 fxe6 24. Rc6 Kf7 25. Rac1 Rb7 26. R1c3 Re7 27.
Ba3 Nd5 28. Rf3+ Ke8 29. Bxe7 Kxe7 30. Rc5 Ra7 31. Ra3 Kd7 32. Kf1 Ra8 33. Ke2
g5 34. Rc4 Ra5 35. Rc5 Ra8 36. f3 h5 37. Kd3 Nb6 38. Ke4 Ra7 39. f4 g4 40. f5
exf5+ 41. Kxf5 Ke7 42. Kg5 Nd7 43. Rc6 Rb7 44. Kf4 Rxb5 45. Rxa4 Nc5 46. Rxc7+
Kd8 47. Rxc5 Rxc5 48. Ra8+ Ke7 49. Rh8 Ke6 50. Rh6+ Ke7 51. Rxh5 Rc4+ 52. Kf5
Ra4 53. Rh7+ Ke8 54. Rh4 Ra2 55. Kxg4 1-0

[Event "First Saturday 2009 augusztus FM-B"]
[Site "Budapest"]
[Date "2009.08.11"]
[Round "11"]
[White "Borda, Lajos"]
[Black "Jensen, Leif"]
[Result "0-1"]
[WhiteElo "2070"]
[BlackElo "2027"]
[PlyCount "58"]
[EventDate "2009.08.01"]

1. f4 d5 2. Nf3 c5 3. g3 Nc6 4. Bg2 Nf6 5. d3 Bg4 6. Nbd2 e6 7. c3 Be7 8. Qc2
Rc8 9. e4 O-O 10. h3 Bxf3 11. Nxf3 c4 12. exd5 cxd3 13. Qxd3 Nxd5 14. O-O Bc5+
15. Kh2 Ne3 16. Qe2 Nxf1+ 17. Bxf1 Qd5 18. b4 Bb6 19. Bb2 Rfd8 20. a4 a5 21. b5
Ne7 22. c4 Qd7 23. Bc3 Nf5 24. Ne5 Qe7 25. Bg2 Bd4 26. Bxd4 Rxd4 27. Rc1 Qa3
28. Re1 Qxg3+ 29. Kg1 Nh4 0-1

[Event "First Saturday 2009 augusztus FM-B"]
[Site "Budapest"]
[Date "2009.08.11"]
[Round "11"]
[White "Christensen, Henrik"]
[Black "Sipos, Gabor"]
[Result "0-1"]
[WhiteElo "2080"]
[BlackElo "2185"]
[PlyCount "96"]
[EventDate "2009.08.01"]

1. d4 Nf6 2. Nf3 g6 3. c4 Bg7 4. Nc3 d6 5. e3 O-O 6. Be2 c5 7. O-O Na6 8. a3 b6
9. Qc2 Rb8 10. b3 Bb7 11. Bb2 Rc8 12. d5 Nc7 13. Rad1 a6 14. a4 b5 15. e4 b4
16. e5 dxe5 17. Nb1 Nd7 18. Rfe1 Ne8 19. Bd3 f6 20. Nh4 f5 21. Nxf5 gxf5 22.
Bxf5 Nef6 23. Rd3 Rf7 24. Nd2 Rc7 25. Nf3 e4 26. Bxe4 Nxe4 27. Rxe4 Nf8 28. Ng5
Rf5 29. Rg4 e5 30. Rdg3 Bc8 31. Ne4 Rh5 32. Rg5 Rxg5 33. Rxg5 Ng6 34. Qd2 Kh8
35. Qe2 Qf8 36. h4 Re7 37. h5 Nf4 38. Qf3 Nh3+ 39. Kh2 Qxf3 40. gxf3 Nxg5 41.
Nxg5 Bf5 42. Ne4 Bxe4 43. fxe4 Rf7 44. Kg3 Rf4 45. f3 Bf6 46. d6 Kg8 47. d7
Bh4+ 48. Kh3 Bd8 0-1